000 00576nam a2200241Ia 4500
008 210210b2012 xxu||||| |||| 00| 0 eng d
020 _a9788120344921
041 _aeng
082 _a338.09 PAIE
100 _aPAILWAR (Veena Keshav)
245 _aEconomic environment of business Ed 3
250 _a
260 _aND
_bPHI Learning Pvt. Ltd.
_c2012
300 _axxv,485
650 _aof
650 _aenvironment
650 _aEd
650 _aEconomic
650 _abusiness
650 _a3
690 _aEconomic Environment of Business
906 _a067908
999 _c150886
_d150886